Open Data Biblioteca Nacional de Portugal


República Portuguesa: Ministério da Cultura
Biblioteca Nacional de Portugal

Catálogo da BNP: acesso por Identificadores Unívocos
Registos Bibliográficos associados ao registo de autoridade

Etiqueta de registo: 00254nam 2200025 450
001 2283833
003 http://id.bnportugal.gov.pt/bib/catbnp/2283833
010 ## $a978-989-9154-94-0
021 ## $aPT$b559960/26
100 ## $a20260407d2026 m y0pory01030103ba
101 1# $apor
102 ## $aPT
105 ## $ay z 000by
106 ## $ar
200 1# $a A árvore que sangra$fAngus Cerini$gtrad. Isabel Lopes
205 ## $a1ª ed
210 #9 $aLajes do Pico$cCompanhia das Ilhas,$d2026
215 ## $a65, [5] p.$d22 cm
225 2# $aAzulcobalto.$iTeatro$v60.$iSérie mundo$v16
675 ## $a821.111(94)-2"20"$vBN$zpor$31996650
700 #1 $aCerini,$bAngus,$f1974-$31994938
702 #1 $94$aLopes,$bIsabel$4730$31785980
801 #0 $aPT$bBN$gRPC
856 41 $uhttp://rnod.bnportugal.gov.pt/ImagesBN/winlibimg.aspx?skey=&doc=2283833&img=221582&save=true
900 ## $aBIBNAC$d20260504
966 ## $lBN$mFGMON$sL. 181498 V.$x1
966 ## $lBN$mFGMON$sL. 181498 V.-D$x1
971 ## $corlando$d20260407
972 ## $e0$z0$d20260504$vasantos
973 ## $cmlsousa$d20260422

OpendataBNP@bnportugal.pt | Mais informação sobre acesso aos dados BNP